[Event "OGOLNOPOLSKA OLIMPIADA MLODZIEZY<br/>MISTRZOSTWA POLSKI JUNIOROW 2016 - D12"]
[Site "Olecko"]
[Date "2016-05-07"]
[Round "1.1"]
[White "Wojtas, Julia"]
[Black "Dylag, Emilia"]
[Result "0-1"]
[WhiteTitle "I"]
[BlackTitle "I"]
[WhiteElo "1274"]
[BlackElo "1768"]

1. e4 c5 2. Nf3 e6 3. d4 cxd4 4. Nxd4 Nc6 5. Nc3 Nf6 6. Ndb5 Bb4 7. a3 Bxc3+ 8.
Nxc3 d5 9. exd5 exd5 10. Bg5 O-O 11. Be2 Bf5 12. Bf3 Re8+ 13. Ne2 Ne5 14. O-O
Nxf3+ 15. gxf3 Rc8 16. c3 Qb6 17. Bxf6 Qxf6 18. Re1 Bh3 19. Qxd5 Rxe2 20. Qh5
Rxe1+ 21. Rxe1 Be6 22. Kh1 Rd8 0-1

[Event "OGOLNOPOLSKA OLIMPIADA MLODZIEZY<br/>MISTRZOSTWA POLSKI JUNIOROW 2016 - D12"]
[Site "Olecko"]
[Date "2016-05-07"]
[Round "1.2"]
[White "Wikar, Martyna"]
[Black "Libura, Julianna"]
[Result "1-0"]
[WhiteTitle "I+"]
[BlackTitle "I"]
[WhiteElo "1726"]
[BlackElo "1266"]

1. e4 c5 2. Nf3 d6 3. d4 cxd4 4. Nxd4 Nf6 5. Nc3 g6 6. Be3 Bg7 7. f3 O-O 8. Qd2
Nc6 9. g4 Bd7 10. O-O-O Ne5 11. Kb1 Rc8 12. h4 Qa5 13. Nd5 Qd8 14. Nxf6+ Bxf6
15. Bh6 Bg7 16. h5 Re8 17. hxg6 Nxg6 18. Bxg7 Kxg7 19. Qh6+ Kg8 20. Nf5 Bxf5 21.
gxf5 e6 22. fxg6 fxg6 23. Qxh7+ Kf8 24. Qh8+ 1-0

[Event "OGOLNOPOLSKA OLIMPIADA MLODZIEZY<br/>MISTRZOSTWA POLSKI JUNIOROW 2016 - D12"]
[Site "Olecko"]
[Date "2016-05-07"]
[Round "1.3"]
[White "Krzyzosiak, Anna"]
[Black "Adamczyk, Zuzanna"]
[Result "1-0"]
[WhiteTitle "I"]
[BlackTitle "I"]
[WhiteElo "1263"]
[BlackElo "1642"]

1. e4 c5 2. Nf3 e6 3. d3 Nc6 4. Nbd2 Qc7 5. g3 Nge7 6. Bg2 g6 7. O-O Bg7 8. Re1
O-O 9. Nc4 b5 10. Ne3 Bb7 11. c3 Rad8 12. d4 cxd4 13. cxd4 d5 14. e5 Na5 15. Ng4
Kh8 16. Nf6 Ng8 17. Bg5 Rc8 18. Rc1 Nc6 19. Nxg8 Kxg8 20. Bf6 Bxf6 21. exf6 Qd8
22. Ne5 Re8 23. Nxc6 Rxc6 24. Qf3 Rxc1 25. Rxc1 e5 26. Bh3 exd4 27. Qf4 Re4 28.
Qc7 Qa8 29. Bc8 Bc6 30. Rxc6 Re1+ 31. Kg2 Re8 32. Qd7 Rf8 33. Qb7 Qxb7 34. Bxb7
d3 35. Rd6 Rb8 36. Rxd5 h5 37. Bc6 Rb6 38. Bd7 Rxf6 39. Rxd3 Ra6 40. Ra3 Rxa3
41. bxa3 a6 42. a4 b4 43. a5 Kf8 44. Bc8 Ke7 45. Bxa6 Kd6 46. Bc4 f6 47. Kf3 g5
48. Ke4 Kc5 49. a6 Kb6 50. Kf5 h4 51. gxh4 gxh4 52. Kxf6 Ka7 53. Kg5 1-0

[Event "OGOLNOPOLSKA OLIMPIADA MLODZIEZY<br/>MISTRZOSTWA POLSKI JUNIOROW 2016 - D12"]
[Site "Olecko"]
[Date "2016-05-07"]
[Round "1.4"]
[White "Marcinczyk, Monika"]
[Black "Matyjasek, Michalina"]
[Result "1-0"]
[WhiteTitle "I"]
[BlackTitle "II"]
[WhiteElo "1617"]
[BlackElo "1263"]

1. e4 c5 2. Nf3 Nc6 3. d4 cxd4 4. Nxd4 g6 5. c4 Bg7 6. Nc2 Nf6 7. Nc3 O-O 8. Be2
e6 9. O-O d5 10. exd5 exd5 11. cxd5 Ne7 12. Bf3 Bd7 13. Bf4 Rc8 14. Qd2 Bf5 15.
Ne3 Qd7 16. h3 Rfd8 17. g4 Be6 18. Rfd1 Qe8 19. Qe2 Bd7 20. d6 Nc6 21. g5 Nh5
22. Bxh5 gxh5 23. Qxh5 Qe6 24. Ng4 Nd4 25. Nh6+ Kf8 26. Re1 Qg6 27. Qxg6 hxg6
28. Re7 Be6 29. Kg2 Nf5 30. Nxf5 Bxf5 31. Rc7 Bxc3 32. Rxc3 b6 33. Rd1 Rxc3 34.
bxc3 Be6 35. Rd2 Ke8 36. Be5 Rc8 37. Bf6 Kd7 38. f4 Rc4 39. Kg3 Re4 40. Bd4 Bf5
41. a4 Kxd6 42. Bxb6+ Kc6 43. Bxa7 Rxa4 44. Bd4 Ra1 45. h4 Rh1 46. Rh2 Rd1 47.
h5 gxh5 48. Rxh5 Rd3+ 49. Kf2 Rd2+ 50. Ke1 Ra2 51. Rh6+ Kd5 52. Rf6 Ke4 53. Rxf7
Kxf4 54. g6 Ra1+ 55. Kf2 Ra2+ 56. Kg1 Kg3 57. Rxf5 Kh3 58. Rf3+ Kg4 59. Rf2 Ra1+
60. Kg2 Ra8 61. g7 Kh4 62. Rf8 Ra2+ 63. Bf2+ Rxf2+ 64. Kxf2 Kg4 65. g8=Q+ Kh4
66. Qg3+ Kh5 67. Rh8# 1-0

[Event "OGOLNOPOLSKA OLIMPIADA MLODZIEZY<br/>MISTRZOSTWA POLSKI JUNIOROW 2016 - D12"]
[Site "Olecko"]
[Date "2016-05-07"]
[Round "1.5"]
[White "Jedrzejko, Martyna"]
[Black "Goraj, Barbara"]
[Result "0-1"]
[WhiteTitle "II+"]
[BlackTitle "I"]
[WhiteElo "1257"]
[BlackElo "1605"]

1. e4 c6 2. d4 d5 3. Nc3 dxe4 4. Nxe4 Bf5 5. Ng3 Bg6 6. h4 h6 7. Nf3 Nd7 8. h5
Bh7 9. Bd3 Bxd3 10. Qxd3 e6 11. Bf4 Qa5+ 12. Bd2 Qc7 13. O-O-O Ngf6 14. Ne4 O-O-O
15. Qe2 Nxe4 16. Qxe4 Nf6 17. Qe2 Bd6 18. g3 Rhe8 19. Ne5 Bxe5 20. dxe5 Nd5 21.
c4 Ne7 22. g4 c5 23. Bc3 Nc6 24. Qe3 Qb6 25. Kb1 Nd4 26. Rd2 Re7 27. Rhd1 Red7
28. Bxd4 cxd4 29. Qd3 Qc5 30. f4 Rc7 31. Rc2 Kb8 32. b3 Rcd7 33. Rcd2 a6 34. Qh7
Qc6 35. Qd3 Ka8 36. Ka1 Rb8 37. Rc2 f6 38. Re1 Rf8 39. Rf2 Qb6 40. exf6 gxf6 41.
Rfe2 Rd6 42. Rd1 Rg8 43. Qf3 Qc5 44. Rd3 Re8 45. Re4 e5 46. f5 Ka7 47. Kb2 Rc8
48. Qd1 Qc6 49. Qe2 b5 50. Rd1 bxc4 51. bxc4 Qxc4 52. Qxc4 Rxc4 53. Rd3 Rb6+ 54.
Rb3 Rbc6 55. Rd3 Kb6 56. a3 Rc2+ 57. Kb3 Rg2 58. a4 Rcc2 59. Kb4 a5+ 60. Kb3 Rb2+
61. Kc4 Kc6 0-1

[Event "OGOLNOPOLSKA OLIMPIADA MLODZIEZY<br/>MISTRZOSTWA POLSKI JUNIOROW 2016 - D12"]
[Site "Olecko"]
[Date "2016-05-07"]
[Round "1.6"]
[White "Czarnecka, Lidia"]
[Black "Anyz, Monika"]
[Result "0-1"]
[WhiteTitle "I"]
[BlackTitle "I"]
[WhiteElo "1512"]
[BlackElo "1255"]

1. e4 c5 2. Nf3 d6 3. d4 cxd4 4. Nxd4 Nf6 5. Nc3 g6 6. Be3 Bg7 7. f3 O-O 8. Bc4
Nc6 9. Qd2 Bd7 10. g4 Rc8 11. Bb3 Na5 12. h4 h5 13. gxh5 Nxh5 14. Bh6 Nc4 15.
Bxc4 Rxc4 16. Bxg7 Kxg7 17. Nb3 Be6 18. Rg1 Qb6 19. O-O-O Rfc8 20. Qg5 Nf6 21.
h5 Qa6 22. hxg6 Rxc3 23. gxf7+ Kxf7 24. bxc3 Bxb3 25. cxb3 Qxa2 26. Rd3 Rg8 27.
Qxg8+ Nxg8 28. Rgd1 Qxb3 29. R1d2 Nf6 30. Rb2 Qc4 31. Kc2 b5 32. Kd2 a5 33. Rc2
a4 34. Rd4 Qc5 35. Kd3 Nd7 36. f4 e5 37. fxe5 Nxe5+ 38. Ke2 Nc4 39. Kd3 Qh5 40.
Rf2+ Ke6 41. Kc2 Qh4 42. Re2 Qg4 43. Rf2 Ne3+ 44. Kd2 Qg5 45. Ke2 a3 46. Kf3 Nc4
47. Re2 Qc1 48. Rd5 Qxc3+ 0-1

[Event "OGOLNOPOLSKA OLIMPIADA MLODZIEZY<br/>MISTRZOSTWA POLSKI JUNIOROW 2016 - D12"]
[Site "Olecko"]
[Date "2016-05-07"]
[Round "1.7"]
[White "Szyszko, Aleksandra"]
[Black "Dadello, Barbara"]
[Result "0-1"]
[WhiteTitle "II"]
[BlackTitle "II+"]
[WhiteElo "1254"]
[BlackElo "1495"]

1. e4 c5 2. Nf3 d6 3. d4 cxd4 4. Nxd4 Nf6 5. Nc3 a6 6. Bg5 e6 7. f4 Be7 8. Qf3
Qc7 9. O-O-O b5 10. g4 Bb7 11. Bd3 Nbd7 12. Rhf1 Rc8 13. Qe2 Nc5 14. Rde1 b4 15.
Nb1 Nfxe4 16. Bxe7 Qxe7 17. Nd2 Nxd2 18. Qxd2 O-O 19. Kb1 Nxd3 20. Qxd3 Qc7 21.
b3 Qc3 22. Qxc3 Rxc3 23. Rd1 Be4 24. Rd2 Rfc8 25. Rff2 Kf8 26. Rde2 d5 27. Rd2
Ke7 28. Rde2 g6 29. Rd2 f6 30. f5 gxf5 31. gxf5 e5 32. Ne2 Rxc2 33. Rxc2 Rxc2
34. Ka1 Bd3 35. Rg2 Rxe2 36. Rxe2 Bxe2 37. Kb2 d4 38. Kc2 e4 39. Kd2 Bg4 40. h4
Bxf5 41. Ke2 Bg4+ 42. Kd2 f5 43. Ke1 e3 0-1

[Event "OGOLNOPOLSKA OLIMPIADA MLODZIEZY<br/>MISTRZOSTWA POLSKI JUNIOROW 2016 - D12"]
[Site "Olecko"]
[Date "2016-05-07"]
[Round "1.8"]
[White "Zarebska, Lena"]
[Black "Szewczyk, Malwina"]
[Result "1-0"]
[WhiteTitle "I"]
[BlackTitle "II"]
[WhiteElo "1452"]
[BlackElo "1253"]

1. e4 c5 2. Nf3 Nc6 3. d4 cxd4 4. Nxd4 g6 5. c4 Bg7 6. Be3 Nf6 7. Nc3 Qa5 8. f3
d6 9. Be2 O-O 10. O-O Bd7 11. Qd2 Rfe8 12. Rac1 Rac8 13. Nb3 Qc7 14. Rfd1 a6 15.
Nd5 Nxd5 16. cxd5 Qd8 17. dxc6 Rxc6 18. Na5 Rxc1 19. Rxc1 Bc8 20. Nc4 b5 21. Bb6
Qd7 22. Na5 Qe6 23. Nb3 d5 24. Bd4 dxe4 25. Bxg7 exf3 26. Bxf3 Kxg7 27. Re1 Qb6+
28. Kh1 Rd8 29. Qc3+ Kg8 30. Rxe7 Qd6 31. Re1 b4 32. Qe3 Be6 33. h3 Qg3 34. Qe5
Qf2 35. Qe2 Qg3 36. Nd2 Bf5 37. Ne4 Bxe4 38. Bxe4 Re8 39. Rf1 Qh4 40. Qf3 Qxe4
41. Qxf7+ Kh8 42. Qf6+ Kg8 43. Qxa6 Ra8 44. Qf6 Qe8 45. Qd4 Rb8 46. Qc4+ Kh8 47.
Qd4+ Kg8 48. Qd5+ Kh8 49. Rf7 Qe1+ 50. Kh2 Re8 51. Qd4+ Qe5+ 52. Qxe5+ Rxe5 53.
Rf2 Kg7 54. Kg1 Ra5 55. b3 Rf5 56. Kf1 Kf6 57. Ke2 Ke5 58. Rxf5+ gxf5 59. g3 f4
60. gxf4+ Kxf4 61. Kd3 Kg3 62. Kc4 Kxh3 63. Kxb4 Kg3 64. a4 h5 65. a5 h4 66. a6
h3 67. a7 h2 68. a8=Q Kf2 69. Qh1 Kg3 70. Kc4 Kh3 71. Kd3 Kg3 72. Ke3 Kh3 73.
Kf4 Kh4 74. Qxh2# 1-0

[Event "OGOLNOPOLSKA OLIMPIADA MLODZIEZY<br/>MISTRZOSTWA POLSKI JUNIOROW 2016 - D12"]
[Site "Olecko"]
[Date "2016-05-07"]
[Round "1.9"]
[White "Gebal, Katarzyna"]
[Black "Mucha, Marta"]
[Result "1/2-1/2"]
[WhiteTitle "II"]
[BlackTitle "I"]
[WhiteElo "1252"]
[BlackElo "1425"]

1. e4 d5 2. exd5 Qxd5 3. Nc3 Qd6 4. Bc4 e5 5. d3 Nf6 6. h3 c6 7. Nf3 Bf5 8. Ng5
Bg6 9. Be3 Be7 10. Qd2 Nd5 11. Nce4 Qd8 12. Nf3 Bxe4 13. dxe4 Nxe3 14. Qxe3 Qa5+
15. c3 O-O 16. O-O Nd7 17. Rad1 Nf6 18. Rfe1 Qc7 19. Nh4 Ng4 20. Qg3 Bxh4 21.
Qxh4 Nf6 22. Re3 Rad8 23. Rdd3 Rxd3 24. Bxd3 b5 25. Rg3 Kh8 26. Rf3 c5 27. Rxf6
gxf6 28. Qxf6+ Kg8 29. Qg5+ Kh8 30. Qf6+ Kg8 31. Qg5+ Kh8 32. Qf6+ Kg8 33. Qg5+
Kh8 1/2-1/2

[Event "OGOLNOPOLSKA OLIMPIADA MLODZIEZY<br/>MISTRZOSTWA POLSKI JUNIOROW 2016 - D12"]
[Site "Olecko"]
[Date "2016-05-07"]
[Round "1.10"]
[White "Bugaj, Hanna"]
[Black "Mirowska, Oliwia"]
[Result "1/2-1/2"]
[WhiteTitle "II"]
[BlackTitle "I+"]
[WhiteElo "1417"]
[BlackElo "1244"]

1. d4 d5 2. c4 e6 3. Nc3 c6 4. e3 Nf6 5. Bd3 Nbd7 6. cxd5 exd5 7. Nf3 Bd6 8. O-O
O-O 9. Qc2 h6 10. Ne2 Re8 11. Bd2 Ne4 12. Ng3 Bxg3 13. fxg3 Qe7 14. Rae1 Ndf6
15. Ne5 c5 16. b3 a6 17. a4 Bd7 18. Bxe4 dxe4 19. Nxd7 Nxd7 20. Rf4 Rac8 21. Qd1
Nf6 22. Ref1 Rf8 23. Qe1 Qe6 24. b4 c4 25. Bc3 Qc6 26. a5 Nd5 27. R4f2 Nf6 28.
Rf4 Nd5 29. R4f2 Nf6 30. Rf4 Nd5 31. R4f2 Nf6 1/2-1/2

[Event "OGOLNOPOLSKA OLIMPIADA MLODZIEZY<br/>MISTRZOSTWA POLSKI JUNIOROW 2016 - D12"]
[Site "Olecko"]
[Date "2016-05-07"]
[Round "1.11"]
[White "Jacek, Nikola"]
[Black "Hertlein, Irena"]
[Result "0-1"]
[WhiteTitle "I"]
[BlackTitle "I"]
[WhiteElo "1233"]
[BlackElo "1397"]

1. e4 d5 2. exd5 Qxd5 3. Nc3 Qd6 4. d4 Nf6 5. Be2 c6 6. Nf3 Bf5 7. O-O Nbd7 8.
Be3 e6 9. Qd2 Qc7 10. Rfe1 Bd6 11. Rad1 O-O 12. h3 h6 13. Ne5 Nxe5 14. dxe5 Bxe5
15. Bc5 Bf4 16. Qd4 Rfd8 17. Qa4 b6 18. Bd4 e5 19. Be3 Bxe3 20. fxe3 e4 21. Rxd8+
Rxd8 22. Rf1 b5 23. Qb4 a5 24. Qc5 Bxh3 25. gxh3 Qg3+ 26. Kh1 Qxh3+ 27. Kg1 Qg3+
28. Kh1 b4 29. Qe7 Rd2 30. Nxe4 Qh3+ 31. Kg1 Qxe3+ 32. Rf2 Qxe4 33. Qxe4 Nxe4
34. Rg2 Rxc2 35. Bf3 Rc1+ 36. Kh2 Ng5 37. Be2 c5 38. Bb5 c4 39. Ba4 c3 40. bxc3
bxc3 41. Rc2 Nf3+ 42. Kg3 Rxc2 43. Bxc2 Ne1 44. Bb3 c2 45. Bxc2 Nxc2 46. Kf3 g5
47. Ke2 g4 48. Kd2 Nb4 49. a3 Nc6 50. a4 f5 51. Kc3 g3 52. Kb2 g2 53. Ka2 g1=Q
54. Ka3 Qb6 55. Ka2 Ne5 56. Ka3 Nc4+ 57. Ka2 Qb2# 0-1

[Event "OGOLNOPOLSKA OLIMPIADA MLODZIEZY<br/>MISTRZOSTWA POLSKI JUNIOROW 2016 - D12"]
[Site "Olecko"]
[Date "2016-05-07"]
[Round "1.12"]
[White "Trzaskowska, Hanna"]
[Black "Majczyna, Patrycja"]
[Result "1-0"]
[WhiteTitle "I"]
[BlackTitle "II+"]
[WhiteElo "1390"]
[BlackElo "1205"]

1. e4 e5 2. Nf3 Nc6 3. Bb5 a6 4. Ba4 Nf6 5. d3 b5 6. Bb3 Be7 7. Nc3 d6 8. a3 O-O
9. h3 Bb7 10. Bg5 Nd4 11. Ba2 Nxe4 12. Nxe4 Nxf3+ 13. Qxf3 Bxg5 14. O-O Rb8 15.
Qh5 Bxe4 16. dxe4 Qf6 17. Bd5 Rb6 18. Rad1 c6 19. Bb3 Rb7 20. Rd3 Qe7 21. Rfd1
Rd7 22. Rg3 Bf6 23. Rc3 g6 24. Qe2 d5 25. exd5 e4 26. Rxc6 Rfd8 27. Rxa6 Qc5 28.
Rxf6 Qe7 29. Rb6 Qc5 30. Rxb5 Qc7 31. Qxe4 Re7 32. Qd3 Qd6 33. Qg3 Qd7 34. Rb8
Rxb8 35. Qxb8+ Kg7 36. Qb4 Re8 37. Re1 Rc8 38. d6 Rd8 39. Re7 Qxd6 40. Rxf7+ Kh8
41. Qc3+ Qd4 42. Rf8+ Kg7 43. Rxd8 Qxc3 44. bxc3 Kh6 45. Rd7 Kg5 46. a4 Kh6 47.
a5 Kg5 48. a6 Kh6 49. a7 Kg5 50. a8=Q Kh6 51. Qd5 g5 52. g4 Kg6 53. Qe6# 1-0

[Event "OGOLNOPOLSKA OLIMPIADA MLODZIEZY<br/>MISTRZOSTWA POLSKI JUNIOROW 2016 - D12"]
[Site "Olecko"]
[Date "2016-05-07"]
[Round "1.13"]
[White "Czerwinska, Oliwia"]
[Black "Szczypawka, Aleksandra"]
[Result "1-0"]
[WhiteTitle "II"]
[BlackTitle "I"]
[WhiteElo "1203"]
[BlackElo "1378"]

1. e4 e5 2. Nf3 Nc6 3. Bc4 Bc5 4. Nc3 d6 5. d3 Bg4 6. h3 Bh5 7. g4 Bg6 8. Bg5 f6
9. Bh4 Nge7 10. a3 h5 11. Nd5 hxg4 12. hxg4 Bxe4 13. Nxf6+ gxf6 14. dxe4 Ng6 15.
Rh2 Nd4 16. Bg3 Ke7 17. Nxd4 Bxd4 18. c3 Bb6 19. Qd5 Qf8 20. Rxh8 Nxh8 21. Qxb7
Rb8 22. Qd5 Qf7 23. Qxf7+ Nxf7 24. Bxf7 Kxf7 25. b4 c5 26. Rd1 Ke6 27. Kd2 d5
28. exd5+ Kxd5 29. Kc2+ Kc4 30. Rd6 cxb4 31. axb4 Rf8 32. f3 Kb5 33. Rd2 Kc6 34.
Bf2 Re8 35. Bxb6 axb6 36. Re2 Kd7 37. Kd3 Re6 38. Rd2 Ke7 39. Ke4 Kf7 40. Rd7+
Kg6 41. c4 Rc6 42. Kd5 Rc8 43. c5 bxc5 44. bxc5 f5 45. gxf5+ Kxf5 46. c6 Kf6 47.
c7 Kf5 48. Kd6 Kf4 49. Rd8 Rxc7 50. Kxc7 Kxf3 51. Kd6 e4 52. Rf8+ Ke2 53. Ke5
e3 54. Ke4 Kd2 55. Rd8+ Ke2 56. Rd3 Kf2 57. Rxe3 Kg2 58. Ra3 Kh2 59. Kf4 Kg2 60.
Rb3 Kh1 61. Kg3 1-0

[Event "OGOLNOPOLSKA OLIMPIADA MLODZIEZY<br/>MISTRZOSTWA POLSKI JUNIOROW 2016 - D12"]
[Site "Olecko"]
[Date "2016-05-07"]
[Round "1.14"]
[White "Mysliwiec, Natalia"]
[Black "Pawlak, Emilia"]
[Result "1-0"]
[WhiteTitle "I"]
[BlackTitle "II"]
[WhiteElo "1374"]
[BlackElo "1196"]

1. e4 c5 2. Nf3 d6 3. d4 cxd4 4. Nxd4 Nf6 5. Nc3 a6 6. Bg5 e6 7. f4 Be7 8. Qf3
Qb6 9. O-O-O Nbd7 10. g4 Qc7 11. Kb1 b5 12. Bxf6 Nxf6 13. g5 Nd7 14. h4 Bb7 15.
a3 Rc8 16. f5 e5 17. Nde2 a5 18. Qd3 Ba6 19. Nd5 Qc6 20. Nec3 Nc5 21. Qe3 b4 22.
axb4 axb4 23. Nxe7 Kxe7 24. f6+ Kf8 25. fxg7+ Kxg7 26. Nd5 Qb7 27. Qf3 Nd7 28.
Bxa6 Qxa6 29. Qh5 h6 30. gxh6+ Kf8 31. Rhf1 Rh7 32. Qg6 Ra8 33. Kc1 b3 34. Qxh7
Qa1+ 35. Kd2 Qa5+ 36. c3 1-0

[Event "OGOLNOPOLSKA OLIMPIADA MLODZIEZY<br/>MISTRZOSTWA POLSKI JUNIOROW 2016 - D12"]
[Site "Olecko"]
[Date "2016-05-07"]
[Round "1.15"]
[White "Sokol, Maria"]
[Black "Slusarczyk, Milena"]
[Result "1/2-1/2"]
[WhiteTitle "II"]
[BlackTitle "I"]
[WhiteElo "1175"]
[BlackElo "1372"]

1. e4 c5 2. Nf3 d6 3. c3 Nf6 4. h3 Nc6 5. Bd3 e6 6. Bc2 Be7 7. O-O O-O 8. d4 cxd4
9. cxd4 a6 10. Nbd2 b5 11. a3 Bb7 12. b3 Rc8 13. Bb2 Qb6 14. Qb1 h6 15. e5 dxe5
16. dxe5 Nd5 17. Bh7+ Kh8 18. Bc2 Rfd8 19. Ne4 Nf4 20. Ng3 Na5 21. Bd4 Qc7 22.
Be4 Bxe4 23. Qxe4 Nd5 24. b4 Nc4 25. Qg4 Bf8 26. Nh5 g6 27. Nf6 Nxf6 28. exf6
a5 29. bxa5 Qxa5 30. Ne5 Rc7 31. Rfc1 Nxe5 32. Bxe5 Rxc1+ 33. Rxc1 Qxa3 34. Qf4
Qa4 35. Qe3 Rd1+ 36. Rxd1 Qxd1+ 37. Kh2 Kg8 38. Bf4 h5 39. Bh6 Qd6+ 40. g3 b4
41. Bxf8 Qxf8 42. Qd2 Kh7 43. Qb2 Qc5 44. Qd2 Qc3 45. Qd8 b3 46. Qe7 Kh6 47. h4
Qc8 48. Qxf7 Qh8 49. Qxe6 b2 50. Qe3+ Kh7 51. Qb6 b1=R 52. Qxb1 Qxf6 53. Qa2 Qf8
54. Qa7+ Kh6 55. Qd4 Kh7 56. Qf4 Qe7 57. Qe3 Qf7 58. Qf4 Qe7 59. Qe3 Qf7 60. Qe2
Qd7 61. f3 Qd8 62. Qe3 Qc7 63. Kh3 Qd7+ 64. g4 Kg7 65. Qe5+ Kh7 66. Kg3 hxg4 67.
fxg4 Qd3+ 68. Kf4 Qd8 69. g5 Qd2+ 1/2-1/2

[Event "OGOLNOPOLSKA OLIMPIADA MLODZIEZY<br/>MISTRZOSTWA POLSKI JUNIOROW 2016 - D12"]
[Site "Olecko"]
[Date "2016-05-07"]
[Round "1.16"]
[White "Wawrzyniak, Weronika"]
[Black "Chojnowska, Karolina"]
[Result "1-0"]
[WhiteTitle "I"]
[BlackTitle "II"]
[WhiteElo "1358"]
[BlackElo "1146"]

1. d4 c5 2. d5 e5 3. e4 d6 4. Nc3 Nf6 5. Be2 a6 6. a4 Be7 7. Nf3 Bg4 8. Nd2 Bd7
9. O-O O-O 10. Nc4 Be8 11. f4 exf4 12. Bxf4 Qc7 13. Qe1 Bd7 14. Qg3 Ne8 15. e5
dxe5 16. Bxe5 Qd8 17. a5 Bh4 18. Qe3 Bf6 19. Bxf6 Nxf6 20. Nb6 Ra7 21. Qxc5 Bg4
22. Bxg4 Nxg4 23. h3 Nf6 24. Rad1 Ne8 25. Nd7 Nxd7 26. Qxa7 Nd6 27. Qd4 Qxa5 28.
Rfe1 Qd8 29. Ne4 Nc8 30. c4 Ne7 31. Nc5 Nf5 32. Qf2 Nd6 33. Nxd7 Qxd7 34. c5 Nb5
35. b4 Rd8 36. d6 Qc6 37. Re7 f6 38. Qa2+ Kh8 39. Qf7 Rg8 40. d7 Qc7 41. d8=Q
Qxd8 42. Rxd8 h6 43. Qxg7# 1-0

[Event "OGOLNOPOLSKA OLIMPIADA MLODZIEZY<br/>MISTRZOSTWA POLSKI JUNIOROW 2016 - D12"]
[Site "Olecko"]
[Date "2016-05-07"]
[Round "1.17"]
[White "Tomaszek, Katarzyna"]
[Black "Kroliczek, Gabriela"]
[Result "0-1"]
[WhiteTitle "II"]
[BlackTitle "I"]
[WhiteElo "1134"]
[BlackElo "1357"]

1. e4 e5 2. Nf3 Nc6 3. Bc4 Nf6 4. Ng5 d5 5. exd5 Na5 6. Bb5+ c6 7. dxc6 bxc6 8.
Qf3 Be7 9. Bxc6+ Nxc6 10. Qxc6+ Bd7 11. Qf3 O-O 12. O-O Rc8 13. Nc3 Bc6 14. Qg3
Bd6 15. d3 Bb8 16. Re1 Qc7 17. Nf3 Bxf3 18. Qxf3 Rfe8 19. Bg5 Re6 20. Bxf6 Rxf6
21. Qe4 Rf4 22. Qe2 Rd8 23. Rad1 h6 24. Ne4 f5 25. g3 Rg4 26. Nc3 Qd7 27. Kh1
Rg6 28. Qf3 Rf6 29. h4 g5 30. hxg5 hxg5 31. Kg2 g4 32. Qe2 Qb7+ 33. Kf1 Qh1# 0-1

[Event "OGOLNOPOLSKA OLIMPIADA MLODZIEZY<br/>MISTRZOSTWA POLSKI JUNIOROW 2016 - D12"]
[Site "Olecko"]
[Date "2016-05-07"]
[Round "1.18"]
[White "Bienko, Jagoda"]
[Black "Lewandowska, Weronika"]
[Result "1-0"]
[WhiteTitle "I"]
[BlackTitle "I"]
[WhiteElo "1354"]
[BlackElo "1110"]

1. d4 d5 2. c4 c6 3. Nc3 Nf6 4. cxd5 cxd5 5. Qc2 e6 6. Bg5 Nc6 7. Nf3 Bd6 8. e3
O-O 9. a3 Bd7 10. Bd3 h6 11. Bxf6 Qxf6 12. O-O a6 13. Na4 Qd8 14. Nc5 Bxc5 15.
Qxc5 Rc8 16. Qd6 Qc7 17. Qxc7 Rxc7 18. Rac1 Rfc8 19. Rc3 Na5 20. Rfc1 Rxc3 21.
Rxc3 Rxc3 22. bxc3 Nb3 23. Kf1 Nc1 24. Be2 Bb5 25. Bxb5 axb5 26. Nd2 Kf8 27. Ke1
Ke7 28. Kd1 Nd3 29. f3 Nb2+ 30. Ke2 Nc4 31. Nxc4 bxc4 32. e4 f5 33. e5 g5 34.
g4 f4 35. Kd2 b5 36. Kc2 Kf7 37. Kb2 h5 38. h3 Kg6 39. a4 bxa4 40. Ka3 hxg4 41.
hxg4 Kf7 42. Kxa4 Ke8 43. Kb5 Kd7 44. Kb6 Ke8 45. Kc6 Ke7 46. Kc7 Ke8 47. Kd6
Kd8 48. Kxe6 Kc7 49. Kxd5 Kd7 50. e6+ Ke7 51. Ke5 Ke8 52. Kf6 Kf8 53. e7+ Ke8
54. d5 Kd7 55. Kf7 Kc7 56. e8=Q Kd6 57. Qc6+ Ke5 58. Qe6# 1-0

[Event "OGOLNOPOLSKA OLIMPIADA MLODZIEZY<br/>MISTRZOSTWA POLSKI JUNIOROW 2016 - D12"]
[Site "Olecko"]
[Date "2016-05-07"]
[Round "1.19"]
[White "Sloniewska, Alicja"]
[Black "Chrobot, Patrycja"]
[Result "1-0"]
[WhiteTitle "II"]
[BlackTitle "I"]
[WhiteElo "1097"]
[BlackElo "1345"]

1. d4 d5 2. c4 e6 3. cxd5 exd5 4. Nc3 Nf6 5. Bg5 Be7 6. e3 Bf5 7. Bxf6 Bxf6 8.
Qb3 b6 9. Qxd5 Qxd5 10. Nxd5 Bd8 11. Nf3 Be4 12. Nc3 Bxf3 13. gxf3 O-O 14. Rc1
Nd7 15. Bb5 Nf6 16. Bc6 Rc8 17. Bb7 Rb8 18. Ba6 Nd7 19. d5 Nc5 20. Be2 a5 21.
O-O Bf6 22. Bb5 Be5 23. f4 Bd6 24. f3 f6 25. Rfd1 Rf7 26. Bc6 Re7 27. Kf2 Nb7
28. Ne4 Bb4 29. a3 Bd6 30. Bxb7 Rxb7 31. Rg1 Kf7 32. Rc6 Rd7 33. Nxd6+ Rxd6 34.
Rxd6 cxd6 35. Rc1 Ke7 36. Rc6 a4 37. Kg3 b5 38. Kg4 b4 39. Rc4 bxa3 40. bxa3 Rb3
41. Rxa4 Rxe3 42. Re4+ Rxe4 43. fxe4 g6 44. f5 Kd7 45. h4 Kc7 46. fxg6 hxg6 47.
h5 gxh5+ 48. Kxh5 Kb6 49. Kg6 Kc5 50. Kxf6 Kd4 51. Kf5 Kc4 52. a4 Kc5 53. a5 Kb5
54. Ke6 Kxa5 55. Kxd6 Kb6 56. e5 Kb7 57. Kd7 Kb6 58. e6 Kc5 59. d6 Kd5 60. e7
Kd4 61. e8=Q Kc4 62. Qe3 Kd5 63. Kc7 Kc4 64. Qd2 Kc5 65. Qd3 Kb4 66. Qc2 Kb5 67.
Qc3 Ka6 68. Qb4 Ka7 69. Qb7# 1-0

[Event "OGOLNOPOLSKA OLIMPIADA MLODZIEZY<br/>MISTRZOSTWA POLSKI JUNIOROW 2016 - D12"]
[Site "Olecko"]
[Date "2016-05-07"]
[Round "1.20"]
[White "Krzyzosiak, Marta"]
[Black "Szewc, Dobromila"]
[Result "0-1"]
[WhiteTitle "II"]
[BlackTitle "II"]
[WhiteElo "1345"]
[BlackElo "1066"]

1. e4 e5 2. Nf3 Nc6 3. Bc4 Nf6 4. d3 Bc5 5. O-O d6 6. c3 Bg4 7. b4 Bb6 8. a4 a6
9. Be3 d5 10. exd5 Nxd5 11. Bxb6 Nxb6 12. Nbd2 O-O 13. Qb3 Nxc4 14. Qxc4 Be6 15.
Qe4 f5 16. Qe2 Qd6 17. Rfe1 Rfe8 18. b5 Na5 19. Qxe5 Qd7 20. Nd4 Bf7 21. Qxf5
Qd6 22. Ne4 Qe7 23. Qg5 Kh8 24. Qxe7 Rxe7 25. Ng5 Rd7 26. Nxf7+ Rxf7 27. Re2 Rd8
28. Rae1 c5 29. Re8+ Rf8 30. Rxf8+ Rxf8 31. Ne6 Re8 32. Kf1 Nb3 33. Nc7 Nd2+ 34.
Kg1 Rxe1# 0-1

[Event "OGOLNOPOLSKA OLIMPIADA MLODZIEZY<br/>MISTRZOSTWA POLSKI JUNIOROW 2016 - D12"]
[Site "Olecko"]
[Date "2016-05-07"]
[Round "1.21"]
[White "Matusik, Zuzanna"]
[Black "Pisarek, Elzbieta"]
[Result "0-1"]
[WhiteTitle "II"]
[BlackTitle "I"]
[WhiteElo "1060"]
[BlackElo "1324"]

1. e4 c5 2. c4 Nc6 3. Ne2 Nf6 4. Nbc3 e6 5. g3 Be7 6. Bg2 O-O 7. O-O d6 8. d3 Bd7
9. h3 Re8 10. Be3 Rc8 11. Qd2 a6 12. f4 h5 13. Kh2 Kh8 14. Bf3 Rg8 15. Rg1 g6
16. g4 hxg4 17. Bxg4 Nh7 18. Bf3 Bf6 19. Raf1 Bg7 20. f5 exf5 21. exf5 Bxf5 22.
Be4 Bxe4 23. Nxe4 Ne5 24. Ng5 Nxg5 25. Bxg5 Qd7 26. Bf6 Kh7 27. Bxg7 Kxg7 28.
Nf4 Kf8 29. Nd5 Qd8 30. Qh6+ Ke8 31. Nf6+ Ke7 32. Nxg8+ Qxg8 33. Qg5+ Kd7 34.
Qg2 Rb8 35. Qd2 Qg7 36. Qd1 Rc8 37. Qe2 Re8 38. Qe4 Rb8 39. Qd5 Kc7 40. Qe4 b6
41. Qh4 Kd7 42. Qe4 Kc7 43. d4 cxd4 44. Qxd4 Nf3+ 0-1

[Event "OGOLNOPOLSKA OLIMPIADA MLODZIEZY<br/>MISTRZOSTWA POLSKI JUNIOROW 2016 - D12"]
[Site "Olecko"]
[Date "2016-05-07"]
[Round "2.1"]
[White "Dylag, Emilia"]
[Black "Bienko, Jagoda"]
[Result "1-0"]
[WhiteTitle "I"]
[BlackTitle "I"]
[WhiteElo "1768"]
[BlackElo "1354"]

1. d4 d5 2. c4 c6 3. cxd5 cxd5 4. Nc3 Nf6 5. Bf4 e6 6. e3 Nc6 7. Bd3 Bd6 8. Bxd6
Qxd6 9. f4 a6 10. Nf3 b5 11. Ne5 Bd7 12. O-O O-O 13. Rf3 Qc7 14. Rh3 b4 15. Bxh7+
Kh8 16. Bd3+ Kg8 17. Na4 Nxe5 18. fxe5 Bxa4 19. Qxa4 a5 20. exf6 gxf6 21. Qd1
f5 22. Qh5 Kg7 23. Qg5# 1-0

[Event "OGOLNOPOLSKA OLIMPIADA MLODZIEZY<br/>MISTRZOSTWA POLSKI JUNIOROW 2016 - D12"]
[Site "Olecko"]
[Date "2016-05-07"]
[Round "2.2"]
[White "Kroliczek, Gabriela"]
[Black "Wikar, Martyna"]
[Result "0-1"]
[WhiteTitle "I"]
[BlackTitle "I+"]
[WhiteElo "1357"]
[BlackElo "1726"]

1. e4 c5 2. Nf3 e6 3. d4 cxd4 4. Nxd4 a6 5. c4 Nf6 6. Bg5 Qa5+ 7. Qd2 Bb4 8. Nc3
Nxe4 9. Qc2 Nxg5 10. Bd3 Bxc3+ 11. bxc3 f5 12. O-O O-O 13. h4 Nf7 14. f4 Nc6 15.
g4 Nxd4 16. cxd4 Nh6 17. g5 Ng4 18. Rf3 b5 19. cxb5 axb5 20. Qb2 Bb7 21. Rg3 b4
22. Be2 Rac8 23. h5 Be4 24. Bd1 d5 25. h6 g6 26. Rc1 Qb6 27. Rxc8 Rxc8 28. Bb3
Qc7 29. Kf1 Qxf4+ 30. Ke2 Qf2+ 31. Kd1 Qxb2 32. Rc3 Bf3+ 33. Rxf3 Rc1# 0-1